000 01296nam a2200373 i 4500
003 EG-ScBUE
005 20250126091732.0
008 150816t2004 nyua f 001 0 eng d
020 _a0070524076 (set : acid-free paper)
020 _a970070524071
020 _a0072537248 (v. 1 : acid-free paper)
020 _a0072537256 (v. 2 : acid-free paper)
020 _a9780070524071
040 _aEG-ScBUE
_beng
_erda
_cEG-ScBUE
_dEG-ScBUE
082 0 4 _a530
_bGIA
_222
100 1 _aGiambattista, Alan,
_eauthor.
245 1 0 _aCollege physics /
_cAlan Giambattista, Cornell University, Betty McCarthy Richardson, Cornell University, Robert C. Richardson, Cornell University.
250 _aFirst edition.
264 1 _aBoston :
_bMcGraw-Hill,
_c[2004]
264 4 _cc2004
300 _axxxii, 1165 pages :
_billustrations (some color) ;
_c28 cm
336 _2rdacontent
_atext
_btxt
337 _aunmediated
_2rdamedia
_bn
338 _avolume
_bnc
_2rdacarrier
500 _aIncludes index.
590 _ayassmeen ashraf
650 7 _aPhysics.
_2BUEsh
651 _2BUEsh
653 _bENGGEN
_cAugust2015
655 _vReading book
700 1 _aRichardson, Betty McCarthy,
_eauthor.
700 1 _aRichardson, Robert C.
_q(Robert Coleman),
_d1937-
_eauthor.
942 _cBB
_2ddc
999 _c1352
_d1352